Detalles MARC
| 000 -LEADER |
| fixed length control field |
01524nam a2200289 a 4500 |
| 008 - CAMPO DE CONTROL (LIBRO) |
| fixed length control field |
110725s2011 sp a f |||| 00| 0 spa d |
| 020 ## - INTERNATIONAL STANDARD BOOK NUMBER |
| ISBN |
9788478855070 |
| 041 ## - CODIGO DE IDIOMA |
| Código de idioma del texto/pista de sonido o título separado |
spa |
| 092 ## - SIGNATURA TOPOGRAFICA DEWEY LOCAL |
| número de clasificación |
615 |
| libristica |
81 |
| sección |
STA |
| 100 1# - ENTRADA PRINCIPAL--NOMBRE PERSONAL |
| Nombre personal |
Sthal, Stephen M. |
| 9 (RLIN) |
80 |
| 245 ## - TITULO PROPIAMENTE DICHO |
| Título |
Psicofarmacología Esencial de Stahl. |
| Subtítulo y Título paralelo |
T.2 Bases neurocientíficas y aplicaciones prácticas / |
| Mención de responsabilidad y remanente de la transcripción de la portada |
Stephen M. Stahl |
| 250 ## - MENCION DE EDICION |
| Mención de edición |
3a ed. |
| Mención de responsabilidad relacionada con la ed. |
Traducción Elías García Martín de la Fuente ; Antonio Pérez Nevot ; Patricia Alcindor Huelva ; Francisco Izquierdo Morejón ; Margarita Pascual Pérez ; Lucía Villoria Borrego ; Belén Poza Cano ; Beatría Baón Pérez y Luis Beato fernández. Ilustraciones: Nancy Muntner |
| 260 ## - PIE DE IMPRENTA |
| Lugar de publicación, distribución, etc |
Madrid: |
| Nombre de la editorial, distribuidor, etc |
AulaMédica; |
| Fecha de publicación |
2011. |
| 300 ## - DESCRIPCION FISICA |
| Extension |
453-1011 p. |
| Otros detalles físicos |
il. |
| 500 ## - NOTA GENERAL |
| Nota general |
Sthal, S. M. (2011). Psicofarmacología Esencial de Stahl. T.2 Bases neurocientíficas y aplicaciones prácticas. (3a ed.) Madrid : AulaMédica. |
| 590 ## - NOTAS LOCALES (RLIN) |
| Nota local |
Donación Dr. Miguel Vera, Julio 2011 |
| 653 ## - TÉRMINO INDIZADO - PALABRAS CLAVES |
| Palabra clave |
Trastornos del estado de ánimo |
| 653 ## - TÉRMINO INDIZADO - PALABRAS CLAVES |
| Palabra clave |
Antidepresivos |
| 653 ## - TÉRMINO INDIZADO - PALABRAS CLAVES |
| Palabra clave |
Estabilizadores del ánimo |
| 653 ## - TÉRMINO INDIZADO - PALABRAS CLAVES |
| Palabra clave |
Trastornos de ansiedad y ansiolíticos |
| 653 ## - TÉRMINO INDIZADO - PALABRAS CLAVES |
| Palabra clave |
Dolor y tratamiento de la fibromialgia y de los sindromes funcionales somáticos |
| 653 ## - TÉRMINO INDIZADO - PALABRAS CLAVES |
| Palabra clave |
Trastornos del sueño y de la vigilia y sus tratamientos |
| 653 ## - TÉRMINO INDIZADO - PALABRAS CLAVES |
| Palabra clave |
trastorno por deficit de atención con hiperactividad y su tratamiento |
| 653 ## - TÉRMINO INDIZADO - PALABRAS CLAVES |
| Palabra clave |
Demencia y su tratamiento |
| 653 ## - TÉRMINO INDIZADO - PALABRAS CLAVES |
| Palabra clave |
Trastorno de la recompensa, abuso de drogas y su tratamiento |
| 942 ## - ADDED ENTRY ELEMENTS (KOHA) |
| Source of classification or shelving scheme |
Dewey Decimal Classification |
| Item type |
Libros |